[Event "73rd RUS-ch Higher League 2020"]
[Site "Sochi"]
[Date "2020.10.12"]
[Round "5.4"]
[White "Antipov, Mikhail Al."]
[Black "Alekseev, Evgeny"]
[Result "1-0"]
[WhiteElo "2591"]
[BlackElo "2626"]
[Annotator "TA"]
[PlyCount "87"]
[EventDate "2020.10.08"]
[EventType "swiss"]
[EventCountry "RUS"]
[SourceTitle "playchess.com"]
[Source "ChessBase"]
[SourceQuality "1"]

{[%evp 11,87,14,18,15,29,13,22,21,23,15,20,18,10,15,19,14,17,-3,0,0,13,0,0,0,29,18,16,19,24,29,29,23,23,27,19,15,25,0,38,0,34,2,16,0,0,0,0,0,0,0,0,0,126,115,154,0,0,0,0,3,6,0,0,-2,0,0,0,0,171,0,534,528,2415,2354,1990,1749,1900,1828]} 1. e4 e5 2. Nf3 Nc6 3. Bc4 Bc5 4. d3 Nf6 5. O-O d6 6. c3 a6 7. a4 {C54: Giuoco Piano: 4 c3 Nf6, main lines with 5 d4 and 5 d3.} Ba7 8. Re1 h6 9. Nbd2 {The position is equal.} O-O 10. h3 Re8 11. b4 $1 {11.b4 is better than 11.Nf1.} Be6 12. Bxe6 Rxe6 13. Qc2 Ne7 {[#]} 14. c4 $1 $146 {[%mdl 8] A relevant novelty.} ({Predecessor:} 14. Nf1 Nh5 15. Be3 Ng6 16. Bxa7 Rxa7 17. Ne3 Ngf4 18. Kh2 Ra8 19. g3 Ng6 20. d4 {0-1 (41) Eljanov,P (2672)-Abdusattorov,N (2627) chess.com INT 2020}) 14... Nh5 15. Nf1 {[%cal Bd2f1,Bf1e3,Be3f5][%mdl 32]} Rf6 {White must now prevent ...Rxf3!} 16. Qd1 Nc6 17. Rb1 Nf4 18. Bxf4 Rxf4 19. Ne3 Nd4 20. Nxd4 Bxd4 21. Re2 Rf6 22. Nf5 Ba7 23. Rc2 Kh7 24. c5 Qd7 25. a5 $40 {[%mdl 128] White is up to no good.} Rd8 {[%cal Ba8d8,Bd8d7,Bd7c7,Bc7c1][%mdl 32]} 26. cxd6 cxd6 27. Rbc1 g6 28. Rc7 Qb5 29. Qb3 Rd7 $1 30. Ne3 Bxe3 31. fxe3 {aiming for Rc8.} Re6 (31... Rxc7 $11 {remains equal.} 32. Rxc7 Kg7) 32. Rc8 $16 Ree7 33. Rf8 $2 ({White should play} 33. Qc3 $16) 33... Kg7 $1 $11 {[%cal Rg7f8]} 34. Rcc8 {Qd1 is the strong threat.} Rc7 35. Rg8+ Kf6 36. Rcd8 {Strongly threatening Qd1.} Red7 37. Rde8 {Threatens to win with Qd1.} Rc1+ 38. Kh2 Rdc7 {And now ...R7c3 would win.} 39. Rd8 Rd7 $2 {[#]} (39... Qc6 $11 {and Black is okay.}) 40. Rdf8 $2 ({White has to play} 40. Rgf8 $1 $18 Rcc7 41. Rb8) 40... Rdc7 $2 {[%mdl 8192] [#]} (40... Qc6 $1 $11) 41. Qa2 $1 $18 {[%cal Ra2f2] Qf2+ would kill now.White is clearly winning.} Qxd3 42. Qf2+ Ke6 43. Re8+ Re7 {[#]} 44. Rg7 $1 {[%mdl 512] Accuracy: White = 85%, Black = 71%.} 1-0

[Event "73rd RUS-ch Higher League 2020"]
[Site "Sochi"]
[Date "2020.10.12"]
[Round "5.5"]
[White "Artemiev, Vladislav"]
[Black "Makarian, Rudik"]
[Result "1-0"]
[WhiteElo "2716"]
[BlackElo "2441"]
[Annotator "TA"]
[PlyCount "87"]
[EventDate "2020.10.08"]
[EventType "swiss"]
[EventCountry "RUS"]
[SourceTitle "playchess.com"]
[Source "ChessBase"]
[SourceQuality "1"]

{[%evp 9,87,19,25,25,17,16,10,10,11,12,25,19,14,14,30,30,30,30,30,30,34,30,43,33,60,48,58,56,54,53,51,64,52,47,56,50,56,50,55,63,91,88,89,91,127,105,122,121,168,169,229,229,215,209,287,178,251,217,286,162,155,150,181,0,284,271,543,523,629,615,2142,2126,1852,1496,29987,29988,29988,29989,29989,29990]} 1. d4 Nf6 2. c4 g6 3. Nc3 Bg7 4. g3 c5 5. dxc5 Na6 6. Bg2 {E61: King's Indian: Early deviations for White, including Smyslov System.} Nxc5 7. Nh3 d6 8. Nf4 {The position is equal.} O-O 9. O-O Bf5 10. Be3 {[#]} Ng4 $146 ({Predecessor:} 10... Nfe4 11. Nxe4 Bxe4 12. Bxe4 Nxe4 13. Qd5 Nf6 14. Qxb7 Ng4 15. Rab1 Nxe3 16. fxe3 e6 {1-0 (43) Vidit,S (2670)-Antipov,M (2586) Dubai 2017}) 11. Bd2 Nf6 12. Rc1 Nfe4 13. b4 Nxd2 14. Qxd2 Ne6 15. Nfd5 Nd4 16. Rfd1 Rc8 17. Qe3 Rxc4 18. Nxe7+ Kh8 19. Nxf5 (19. Bxb7 $2 Nc2 $19) 19... Nxf5 20. Qd3 Rxb4 21. e3 Ne7 22. Rc2 Qd7 23. Nd5 $36 {[%mdl 2048] White has some pressure.} Nxd5 24. Bxd5 Bf6 25. Rdc1 {[%mdl 1024] White has strong compensation.} Qb5 26. Qd1 Kg7 27. Rc7 Qa5 28. Bb3 ({Much weaker is} 28. Rxb7 $6 Rxb7 29. Bxb7 Qxa2 $11) ({Don't take} 28. Bxb7 Rb2 $14) 28... Rb5 29. Qxd6 {Qe6 is the strong threat.} Rf5 (29... Be5 $2 30. Qxf8+ $1 {[%mdl 512]} Kxf8 31. Rxf7+ Ke8 32. Rc8+ Qd8 33. Rxd8+ Kxd8 34. Rxh7 $18) (29... Rb6 {was called for.} 30. Qd7 Be5) 30. Rxb7 $18 {Strongly threatening Bxf7!} Be5 31. Qd3 a6 32. Rd1 h5 (32... Rf6 $142 33. Qc2 Rb8) 33. Qc4 Rf6 34. Re7 (34. f4 $142) 34... Bd6 {[#]} 35. Ra7 $1 ({Not} 35. Rd7 Qf5 $11) 35... Bb8 36. Rb7 (36. Rad7 $142) 36... Be5 $1 37. Kg2 Bb8 $2 (37... Qc3 {was necessary.} 38. Qxc3 Bxc3) 38. Rdd7 {[%cal Rd7f7]} Qf5 39. f4 {Black must now prevent e4.} h4 40. e4 h3+ 41. Kf2 Qa5 42. Rxf7+ {White mates.} R6xf7 43. Rxf7+ Kh6 44. Rxf8 {Accuracy: White = 88%, Black = 54%.} 1-0

[Event "73rd RUS-ch Higher League 2020"]
[Site "Sochi"]
[Date "2020.10.12"]
[Round "5.6"]
[White "Lysyj, Igor"]
[Black "Esipenko, Andrey"]
[Result "1/2-1/2"]
[WhiteElo "2593"]
[BlackElo "2682"]
[Annotator "TA"]
[PlyCount "89"]
[EventDate "2020.10.08"]
[EventType "swiss"]
[EventCountry "RUS"]
[SourceTitle "playchess.com"]
[Source "ChessBase"]
[SourceQuality "1"]

{[%evp 12,89,20,11,41,43,33,41,45,20,16,4,4,8,40,38,25,32,42,42,52,50,50,30,59,37,36,36,31,33,96,94,79,95,78,56,68,38,31,33,66,71,62,49,69,67,89,81,110,108,175,174,118,0,97,0,143,133,172,14,14,16,12,12,14,0,0,0,8,0,0,0,0,0,0,0,0,0,0,0]} 1. d4 Nf6 2. c4 e6 3. Nf3 d5 4. g3 Bb4+ 5. Bd2 a5 6. Bg2 O-O 7. Qc2 c5 {E11: Bogo-Indian.} 8. cxd5 {The main line 8.cxd5 scores better than 8.dxc5.} cxd4 9. Nxd4 Qb6 {White is slightly better.} 10. Nf3 exd5 11. O-O Nc6 {[%cal Bb8c6,Bc6b4,Bb4c2][%mdl 32]} 12. Nc3 d4 {[#]} 13. Na4 $146 ({Predecessor:} 13. Ne4 Nxe4 14. Qxe4 Bxd2 15. Nxd2 Be6 16. Nf3 h6 17. Rfd1 Rfe8 18. Qf4 Qxb2 19. Nxd4 Nxd4 20. Qxd4 Qxd4 21. Rxd4 {0-1 (30) Krstulovic,A (2346)-Malakhatko,V (2542) Zadar 2017}) 13... Qb5 14. Qd3 Qxd3 (14... Qxa4 $6 15. b3 $16) 15. exd3 Bf5 16. Bxb4 Nxb4 17. Rfd1 Bxd3 18. a3 Nc2 19. Rac1 Be2 20. Rd2 Bb5 (20... d3 $14) 21. Nc5 (21. Rcxc2 Bxa4 22. Rc4 Bb5 $11) 21... d3 22. Nxd3 Rad8 {next ...Nd4 is good for Black.} 23. Rdxc2 {Black must now prevent Nde5.} Bxd3 24. Rc5 b6 25. Rc6 $36 {[%mdl 2048] White is pushing.} Rb8 26. Ne5 Bb5 27. Rc7 Rbe8 28. f4 Rd8 29. Rb7 Rd6 30. Bf3 $1 Ba6 (30... Nd7 $16) 31. Ra7 $1 $18 {[%cal Ra7a6]} Bb5 32. Rb7 Ba6 $1 {[%cal Ra6b7]} 33. Ra7 Bb5 {[#]} 34. Rcc7 $1 Rd2 35. g4 $2 ({Don't play} 35. Rxf7 $6 Rxf7 36. Nxf7 (36. Rxf7 Nd7 $11) 36... Rxb2 $14) (35. Nxf7 $18 {Hoping for Ne5.} Ne8 36. Rcb7) 35... Be2 $11 {The position is equal.} 36. Bxe2 Rxe2 37. Nxf7 {Nd6 is the strong threat.} Ne8 $1 {[%cal Re8c7]} ({Not} 37... Nxg4 $2 {[#]} 38. Nh6+ $1 {[%mdl 512]} Kh8 39. Rxg7 $18) 38. Rcb7 {Strongly threatening f5.} Re4 $1 39. Ne5 Rexf4 40. Kg2 Re4 41. Re7 h6 42. h3 Re2+ {[%mdl 64] Double Attack} 43. Kg3 Re3+ $1 44. Kg2 Re2+ 45. Kg3 {Accuracy: White = 88%, Black = 74%.} 1/2-1/2

[Event "73rd RUS-ch Higher League 2020"]
[Site "Sochi"]
[Date "2020.10.12"]
[Round "5.7"]
[White "Sakaev, Konstantin"]
[Black "Predke, Alexandr"]
[Result "1-0"]
[WhiteElo "2596"]
[BlackElo "2676"]
[Annotator "TA"]
[PlyCount "153"]
[EventDate "2020.10.08"]
[EventType "swiss"]
[EventCountry "RUS"]
[SourceTitle "playchess.com"]
[Source "ChessBase"]
[SourceQuality "1"]

{[%evp 9,153,0,22,14,30,22,33,26,39,37,38,36,36,36,36,36,35,31,39,43,56,38,47,49,41,38,147,153,160,149,157,142,150,158,213,179,194,157,191,209,229,139,139,146,137,135,143,98,130,130,154,121,112,116,127,122,146,159,154,155,297,126,202,216,265,162,174,99,105,99,117,67,76,25,80,68,95,71,121,108,128,28,222,206,221,233,333,320,297,244,345,339,348,342,456,430,400,396,389,389,510,491,469,435,435,435,579,435,435,425,416,416,409,346,453,453,558,435,505,400,428,428,439,356,678,649,539,558,938,889,2331,2653,1665,894,29969,29970,29970,29971,29977,29978,29979,29980,29994,29995,29995,29996]} 1. d4 Nf6 2. c4 e6 3. g3 d5 4. Nf3 Bb4+ 5. Bd2 Bd6 6. Nc3 {E01: Catalan: Early deviations.} Nc6 7. Bg5 dxc4 8. e4 {Threatens to win with e5.White is slightly better.} e5 9. dxe5 Nxe5 10. Nxe5 Bxe5 11. Qxd8+ Kxd8 12. O-O-O+ Ke8 13. Bxc4 {[#]} h6 $146 ({Predecessor:} 13... Be6 14. Bd5 c6 15. Bxe6 fxe6 16. f3 h6 17. Be3 b6 18. Ne2 Kf7 19. g4 Rad8 {0-1 (60) Pogonina,N (2492)-Khademalsharieh,S (2435) Khanty-Mansiysk 2016}) 14. Bf4 Bxf4+ 15. gxf4 {Black must now prevent f5.} Be6 16. Bd3 Bg4 17. Rd2 Nh5 (17... g6 $1 $14) 18. Rg1 $16 Bd7 19. f5 $36 {[%mdl 2048] White has strong initiative.} Bc6 20. Be2 Nf6 21. e5 ({Much worse is} 21. Rxg7 $6 Kf8 $11) 21... Nd7 (21... Ne4 $16) 22. e6 fxe6 23. fxe6 Nf6 24. Rxg7 Rh7 25. Rxh7 Nxh7 26. f4 Ke7 27. f5 Nf6 28. Bb5 Bf3 29. Rf2 Bg4 30. Bd3 Rd8 31. Kd2 b5 {Strongly threatening ...b4.} 32. Rf4 a6 33. b4 Bh3 34. a3 Rg8 (34... Bg2 $16 35. Ke3 c5) 35. Be4 (35. Rh4 $18 {is more deadly.} Bg2 36. Rxh6) 35... Kd6 (35... Nxe4+ $16 36. Nxe4 Rf8) 36. Rh4 $18 Bg2 37. Bd3 h5 38. Rf4 ({White should play} 38. Ne2 $1 $18) 38... Bc6 39. Rf2 Rg4 40. Ne2 Ke5 41. h3 (41. Nc1 $16) 41... Rh4 (41... Rg2 $11 42. Ke1 Rxf2 43. Kxf2 h4) 42. Ng1 Kd6 43. Re2 Rf4 44. Re3 $1 Rf2+ 45. Ne2 (45. Ke1 $1 $16 {[%cal Re1f2]} Rg2 46. Ne2) 45... h4 $2 {This costs Black the game.} (45... Nd5 $11 {and Black is okay.}) 46. Ke1 $1 {[%cal Re1f2]} Rg2 47. Nf4 Ra2 {[#]} (47... Rg5 $142 48. Kf2 Be8) 48. Be2 $1 Ra1+ 49. Kd2 Be4 {[#]} (49... Ra2+ $142 50. Kc1 Ra1+ 51. Kb2 Re1) 50. Nh5 $1 {[%cal Rh5f6]} Ra2+ 51. Ke1 Bxf5 52. Nxf6 Bxe6 53. Ne4+ Kc6 {[#]} 54. Nc5 $1 Bc8 55. Bf3+ Kd6 56. Bg4 Bxg4 57. hxg4 {[%mdl 4096] Endgame KRN-KR} Rg2 58. g5 Kd5 59. Ne6 {And now Nf4+ would win.} Kd6 60. Kf1 Rg4 {intending ...h3.} 61. Nc5 Kd5 62. Nxa6 c6 63. Rc3 Kd4 64. Rh3 Ke5 65. Nb8 Kd6 66. Kf2 Rc4 $2 (66... Rxg5 67. Rxh4 c5) 67. Rd3+ Ke6 68. g6 c5 69. g7 Kf7 70. Rd7+ Kg8 71. Na6 cxb4 72. Nxb4 {White mates.} Rf4+ 73. Kg2 h3+ 74. Kxh3 Rf3+ 75. Kg4 Rxa3 76. Nd5 {[%cal Rd5f6]} Ra6 77. Kg5 {Accuracy: White = 71%, Black = 46%.} 1-0

[Event "73rd RUS-ch Higher League 2020"]
[Site "Sochi"]
[Date "2020.10.12"]
[Round "5.8"]
[White "Goryachkina, Aleksandra"]
[Black "Sjugirov, Sanan"]
[Result "0-1"]
[WhiteElo "2582"]
[BlackElo "2675"]
[Annotator "TA"]
[PlyCount "126"]
[EventDate "2020.10.08"]
[EventType "swiss"]
[EventCountry "RUS"]
[SourceTitle "playchess.com"]
[Source "ChessBase"]
[SourceQuality "1"]

{[%evp 11,126,6,9,9,13,13,20,12,15,0,0,-16,9,-26,-2,-33,-14,-58,10,-38,-25,-47,-23,-37,-27,-31,-27,-30,-22,-23,-14,-23,-12,-38,-38,-43,-42,-30,-30,-42,-26,-26,-26,-22,-15,-13,-18,-30,-11,-49,-11,-25,-23,-25,-19,-47,-43,-48,-37,-63,-63,-63,-63,-79,-60,-83,-54,-89,0,-79,-79,-83,-83,-88,-86,-126,-126,-128,-134,-154,-146,-170,-183,-162,-162,-162,-162,-187,-175,-200,-212,-246,-253,-271,-268,-304,-261,-6145,-6282,-29974,-29975,-29975,-29975,-29977,-29976,-29979,-29980,-29980,-29981,-29981,-29982,-29987,-29988,-29988,-29989,-29989,-29989]} 1. d4 Nf6 2. c4 e6 3. g3 d5 4. Bg2 Be7 5. Nf3 O-O 6. Nc3 Nbd7 7. b3 {E06: Closed Catalan: Early deviations.} b6 8. cxd5 exd5 9. O-O {The position is equal.} Bb7 10. Bf4 c6 11. Ne5 Re8 12. Qc2 Nf8 {[%cal Bd7f8,Bf8e6,Be6c7][%mdl 32]} 13. Rfd1 Ne6 {[#]} 14. Nf3 $146 ({Predecessor:} 14. Be3 Bd6 15. f4 Qe7 16. Bf3 Rac8 17. Na4 c5 18. dxc5 bxc5 19. Rac1 d4 20. Nc4 {0-1 (46) Hoghmrtsyan,A (2317)-Davtyan,A (2440) Yerevan 2019}) 14... Bf8 (14... Nxf4 $15 15. gxf4 Bb4) 15. Qb2 a5 16. a3 Ne4 17. Be3 Nc7 18. Nxe4 dxe4 19. Nd2 f5 20. Bf4 Nd5 21. e3 Nxf4 22. exf4 (22. gxf4 {with more complications.} b5 23. b4 g5 24. fxg5 Qxg5 25. bxa5 Kh8 26. f4) 22... b5 23. Nf1 g6 24. Ne3 Bg7 {And now ...c5! would win.} 25. b4 axb4 26. axb4 Rxa1 27. Qxa1 Qe7 28. Qc3 Rd8 29. h4 Qd6 {[%cal Rg7d4]} 30. Qb3+ Kh8 31. Kh2 Bf8 (31... Bxd4 $2 32. Nc2 $18) 32. Nc2 Bc8 33. Ra1 Be6 $36 {[%mdl 2048] Black has the initiative.} 34. Qa3 Bg7 35. Bf1 Bf6 (35... Bxd4 $2 36. Rd1 $18) 36. Be2 Kg7 (36... Bxd4 $2 37. Rd1 $18) 37. Kg1 Qd7 (37... Bxd4 $2 38. Rd1 $18) 38. Rd1 Qf7 39. Rb1 Qd7 40. Rd1 $1 Bf7 {White is on the road to losing.} 41. Ra1 Qd6 (41... Bxd4 $2 42. Rd1 $18) 42. Rd1 Qe6 43. Ra1 Qb3 44. Qc1 Qc3 45. Kf1 Rd6 46. h5 Bb3 47. Ne3 Qxc1+ $1 ({Stronger than} 47... Bxd4 48. Qxc3 Bxc3 49. Ra3 $16) ({Inferior is} 47... Qxb4 48. Ra7+ Bf7 49. d5 $1 $11 {[%mdl 512]}) ({Don't do} 47... Qxd4 48. Ra6 $11) 48. Rxc1 Bxd4 49. hxg6 hxg6 50. g4 Kf6 51. gxf5 gxf5 52. Bh5 Be6 53. Rd1 Ke7 54. Bg6 $2 {[#]} (54. Rb1) 54... Bxe3 $1 $19 55. Rxd6 Kxd6 {Black mates.} 56. fxe3 {[%mdl 4096] Endgame KB-KB} Kd5 57. Be8 Kc4 58. Bxc6 Kxb4 59. Ke2 Kc4 60. Kd2 b4 {[%cal Bb5b4,Bb4b3][%mdl 32]} 61. Bb7 b3 62. Ba6+ Kb4 63. Kc1 Ka3 {Accuracy: White = 69%, Black = 91%.} 0-1

[Event "73rd RUS-ch Higher League 2020"]
[Site "Sochi"]
[Date "2020.10.12"]
[Round "5.9"]
[White "Lintchevski, Daniil"]
[Black "Demchenko, Anton"]
[Result "1/2-1/2"]
[WhiteElo "2559"]
[BlackElo "2632"]
[Annotator "TA"]
[PlyCount "100"]
[EventDate "2020.10.08"]
[EventType "swiss"]
[EventCountry "RUS"]
[SourceTitle "playchess.com"]
[Source "ChessBase"]
[SourceQuality "1"]

{[%evp 9,100,28,41,47,47,9,12,0,0,8,6,0,8,8,12,8,10,0,0,0,0,0,36,17,26,22,22,20,18,18,18,2,6,16,21,0,25,14,40,0,0,0,0,0,0,0,0,0,-2,0,0,0,0,-3,0,0,0,0,0,0,0,-15,-3,-6,0,0,0,-10,-7,-4,0,0,0,0,0,0,0,0,0,0,0,0,0,-6,0,0,0,0,0,0,0,0,0]} 1. e4 g6 2. d4 d6 3. Bc4 Nf6 4. Qe2 Nc6 5. Nf3 Bg4 6. c3 {B06: Modern Defence.} e5 7. Bb5 (7. d5 $5 {[%cal Rd5c6]} Ne7 8. Bg5 $11) 7... Nd7 8. Nbd2 exd4 9. Bxc6 bxc6 10. cxd4 Bg7 11. h3 Bxf3 $1 12. Nxf3 O-O 13. O-O Re8 14. Qc2 c5 15. Be3 {[%cal Rd4c5] [#]} Rb8 $146 ({Predecessor:} 15... Qe7 16. dxc5 Qxe4 17. Qxe4 Rxe4 18. cxd6 cxd6 19. Rad1 Ra4 20. Rxd6 Nf8 21. Nd4 Rxa2 {½-½ (45) Mastrovasilis,D (2614)-Nevednichy,V (2548) Skopje 2013}) 16. Rab1 {[%cal Rd4c5]} Qe7 17. dxc5 Nxc5 18. Bxc5 dxc5 19. Rfe1 Qe6 20. b3 c4 $1 21. e5 Rb4 22. Re3 Reb8 23. Rd1 a5 24. Nd4 (24. Ng5 $5 {[%cal Rg5e6]} Qe7 25. Nf3 $11) 24... Qb6 {The position is equal.} 25. bxc4 Qc5 26. Nb3 Qxc4 27. Qxc4 Rxc4 28. Nxa5 Rc5 29. Nb3 Rxe5 30. Rxe5 Bxe5 $11 {[%mdl 4096] Endgame KRB-KRN} 31. Kf1 Bd6 32. Rd2 Kf8 33. Ke2 Ke7 34. Rc2 Kd7 35. Nd2 Ra8 36. Nc4 f6 37. Kd3 Bc5 38. Re2 Kc6 39. Kc3 Rd8 40. Nb2 Kb5 41. Kb3 Rb8 42. Kc3 Bb4+ 43. Kb3 Bd6 44. Nc4 Kc6+ 45. Kc2 Bc5 46. f3 g5 47. Re4 Ra8 48. Kb3 Rb8+ 49. Kc2 Ra8 50. Kb3 Rb8+ {Accuracy: White = 95%, Black = 95%.} 1/2-1/2

[Event "73rd RUS-ch Higher League 2020"]
[Site "Sochi"]
[Date "2020.10.12"]
[Round "5.10"]
[White "Zvjaginsev, Vadim"]
[Black "Sviridov, Valery"]
[Result "0-1"]
[WhiteElo "2617"]
[BlackElo "2558"]
[Annotator "TA"]
[PlyCount "94"]
[EventDate "2020.10.08"]
[EventType "swiss"]
[EventCountry "RUS"]
[SourceTitle "playchess.com"]
[Source "ChessBase"]
[SourceQuality "1"]

{[%evp 9,94,45,49,58,63,67,76,18,53,0,8,-9,-15,-27,-29,-97,-94,-96,-97,-97,-97,-97,-94,-104,-93,-105,-103,-100,-90,-98,-93,-89,-90,-97,-99,-98,-101,-98,-91,-106,-105,-86,-86,-99,-105,-126,-126,-145,-99,-114,-105,-129,-127,-166,-143,-142,-148,-240,-254,-271,-254,-275,-274,-278,-283,-287,-274,-245,-243,-249,-244,-457,-248,-541,-536,-530,-541,-527,-521,-515,-525,-499,-508,-931,-864,-12836,-12836]} 1. e4 g6 2. d4 Bg7 3. Nf3 d6 4. Be2 b6 5. c4 Bb7 6. Nc3 {B06: Modern Defence.} e6 7. Be3 Nd7 {[%cal Bb8d7,Bd7c5,Bc5a6,Ba6b4][%mdl 32] [#]} 8. d5 $146 (8. O-O $16) ({Predecessor:} 8. O-O Ne7 9. Qd2 h6 10. Rfe1 g5 11. Qc2 Ng6 12. Rad1 g4 13. Nd2 h5 14. f4 {½-½ (39) Barp,A (2377)-Sadhwani,R (2545) chess.com INT 2020}) 8... Ngf6 9. dxe6 fxe6 10. Nd4 Qe7 11. Ncb5 Nc5 12. b4 (12. f3 $1 $11 {keeps the balance.}) 12... Na6 $1 $17 13. f3 O-O $1 14. O-O Nxb4 15. Nxc7 {[%mdl 64] Decoy} Qxc7 16. Nxe6 Qe7 17. Nxg7 Nxe4 18. Re1 {[#]} Nc5 $1 ({Much worse is} 18... Kxg7 $6 19. fxe4 Kg8 20. Rb1 $11) 19. Qd2 Nc6 ({Weaker is} 19... Qxg7 20. Bh6 $16) 20. Bh6 Rf7 21. Bf1 {[#]} Qd7 $1 22. Rad1 ({Don't blunder} 22. Qd5 $2 Ne5 $19) 22... Rxg7 23. Bxg7 Kxg7 24. Qxd6 Qxd6 25. Rxd6 Rf8 26. h3 Rf7 27. Re8 Ne7 28. Kh2 h5 29. Bd3 Ba6 30. Be2 h4 31. f4 Nf5 32. Rdd8 Ng3 33. Rd4 (33. Rg8+ $17 Kf6 34. Bg4) 33... Bb7 $19 34. Bg4 Bc6 35. Rc8 Be4 36. Rdd8 Rxf4 {White must now prevent ...Rf2!} 37. Rh8 Nf1+ 38. Kg1 {White wants to play Rcg8+.} Ne3 39. Rcg8+ Kf6 {Threatens to win with ...Rf1+.} 40. Rxh4 $2 (40. Rf8+ {was the only defense.} Ke5 41. Rxf4 Kxf4 42. Rxh4) 40... Bxg2 (40... Rf1+ $142 41. Kh2 Bxg2 42. Rf8+ Kg7 43. Rxf1 Bxf1) 41. Rh7 $2 (41. Rf8+ Kg5 42. Rxf4 Kxf4 43. Kf2 Nd3+ 44. Ke2 Bf1+ 45. Kd2 Nxc4+ 46. Kc3) 41... Rf1+ {Black is clearly winning.} 42. Kh2 Nxg4+ 43. Kxg2 Ne3+ {[%mdl 64] Double Attack} 44. Kh2 Rf2+ {[%mdl 64] Double Attack} 45. Kh1 {Strongly threatening Rf8+.} Rxa2 46. Rhg7 (46. Rf8+ $142 Kg5 47. Re7 Nxc4 48. Re1) 46... Rg2 47. Rxa7 Ne4 {Accuracy: White = 62%, Black = 89%.} 0-1

[Event "73rd RUS-ch Higher League 2020"]
[Site "Sochi"]
[Date "2020.10.12"]
[Round "5.11"]
[White "Nesterov, Arseniy"]
[Black "Khismatullin, Denis"]
[Result "1/2-1/2"]
[WhiteElo "2510"]
[BlackElo "2604"]
[Annotator "TA"]
[PlyCount "150"]
[EventDate "2020.10.08"]
[EventType "swiss"]
[EventCountry "RUS"]
[SourceTitle "playchess.com"]
[Source "ChessBase"]
[SourceQuality "1"]

{[%evp 20,150,17,6,31,27,22,21,51,52,72,68,42,33,43,26,46,49,43,39,56,32,58,0,6,0,28,28,28,38,78,38,100,106,105,20,37,18,39,-130,-126,-124,-126,-120,-131,-177,-169,-170,-155,-179,-152,-149,-144,-133,-20,-17,0,-125,-74,-483,-132,-132,-132,-132,-132,-132,-132,-132,-149,-140,-140,-185,-127,-454,-429,-347,-29,-94,-8,-8,-8,-8,-18,-74,-72,-79,-79,-87,-72,-75,-50,-50,-50,-50,-50,-50,-50,-72,-50,-87,-87,-87,-50,-50,-50,-72,0,0,0,-72,-72,-72,-72,-72,-72,-79,-79,-79,-72,-86,0,-87,-79,-87,-87,-87,-87,-91,-87,-87,0,-94,0]} 1. d4 Nf6 2. c4 e6 3. Nf3 d5 4. Nc3 c6 5. e3 Nbd7 6. Qc2 Bd6 7. Bd3 O-O 8. O-O dxc4 9. Bxc4 e5 10. h3 Qe7 11. a3 a5 {D46: Semi-Slav: 5 e3 Nbd7 6 Bd3, Black avoids the Meran.} 12. Ba2 b5 13. Rd1 {[#]} Bb7 $146 {The position is equal.} ({Predecessor:} 13... b4 14. axb4 Bxb4 15. Ne4 Ba6 16. Nxf6+ Qxf6 17. e4 exd4 18. Bg5 Qg6 19. Rxd4 Nf6 20. Bxf6 Qxf6 {0-1 (33) Denderski,P (2247)-Litwin,J (2176) Polanica Zdroj 2004}) 14. e4 exd4 15. Nxd4 g6 $1 16. Bh6 b4 $1 {[%cal Rb4c3]} 17. Bxf8 Rxf8 18. axb4 axb4 19. Nb1 {[%cal Bc3b1,Bb1d2,Bd2c4,Bc4e5][%mdl 32]} c5 20. Nf3 Bxe4 21. Qe2 (21. Qd2 $1 $14) 21... Bxf3 $11 22. Qxf3 Qe5 (22... Be5 {looks sharper.} 23. Qe2 Bh2+ 24. Kf1 Qxe2+ 25. Kxe2 Be5) 23. g3 Qxb2 24. Nd2 Be5 25. Nc4 Qc3 (25... Qxa1 $14 26. Rxa1 Bxa1) 26. Nxe5 $16 Qxe5 27. Bb3 (27. Re1 $1 $16 {[%cal Re1e5]} Qb2 28. Bb3) 27... Ne4 $11 28. Ra7 Ndf6 29. Kg2 $2 {[#]} (29. Qe3 $14) 29... c4 $1 $17 {[%mdl 512]} 30. Bxc4 Qc5 $1 {[%csl LRa7,LRc4][%mdl 64] Double Attack} 31. Bxf7+ Rxf7 32. Rxf7 Kxf7 33. Rd7+ Ke6 $1 {[%cal Re6d7]} 34. Rb7 {intending Qe2.} Nd6 35. Qe2+ Nfe4 36. Qa2+ Nc4 (36... Ke5 $1 $17 37. Qb2+ (37. Re7+ $2 Kd4 $17) 37... Ke6 38. Qa2+ Kf5) 37. Qe2 $11 Ncd6 (37... Qd4 $11) 38. Qa2+ $1 $17 Kf5 (38... Ke5 $142 39. Qb2+ (39. Re7+ $2 Kd4 $19) 39... Ke6 40. Qa2+) 39. Rxh7 $2 {[%mdl 8192] [#]} (39. Rb8 $17 {is tougher.}) 39... Qc6 $2 (39... b3 $1 $19 {[%cal Rb3a2][%mdl 512] is more deadly.} 40. Qe2 (40. Qxb3 Qxf2+) 40... Qxf2+ $1 {[%mdl 512]} 41. Qxf2+ Nxf2) 40. f3 Ng5 $36 {[%mdl 2112] Double Attack. Black is really pushing.} 41. g4+ Kf6 42. Qb2+ Qc3 43. Qxc3+ bxc3 44. Rc7 Nb5 45. Rc6+ Ke5 {And now ...Nxf3! would win.} 46. h4 $2 {[%mdl 8192]} (46. Rc5+ $17 {was the crucial defense.} Kd4 47. Rxb5 Nxh3 48. Rb4+ Kd3 49. Kxh3) 46... Kd5 $19 47. Rc8 {[#]} ({And not} 47. Rb6 Nd4 $19) 47... Ne6 $2 ({Black should play} 47... Nf7 $1 $19 {[%cal Rf7d6]} 48. h5 Nfd6 49. Rxc3 Nxc3 50. hxg6 Ne8) 48. h5 $11 {[#]} gxh5 (48... Nbc7 $1 $17 49. hxg6 c2) 49. gxh5 Nbc7 {aiming for ...c2.} 50. h6 c2 {[#]} 51. Rxc7 $1 {[%mdl 512]} Nxc7 {[%mdl 4096] Endgame KN-KPP} 52. h7 c1=Q 53. h8=Q Ne6 54. Qa8+ Kd6 (54... Ke5 {is interesting.} 55. Qh8+ Kd6 56. Qb8+ Kd7 57. Qb5+ Ke7) 55. Qb8+ Ke7 {White must now prevent ...Nf4+.} 56. Qe5 Qd2+ 57. Kg3 Qd3 58. Qe4 Qd1 59. Qb4+ Kf7 60. Qb7+ Kg6 61. Qe4+ Kf6 62. Qh4+ Kg6 63. Qe4+ Kf6 64. Qh4+ Kf7 65. Qh5+ Ke7 66. Qh4+ Kd7 {( -> ...Qg1+)} 67. Qg4 Qe1+ 68. Kh3 Qd2 69. Kg3 Qe1+ 70. Kh3 $1 Qf2 71. Qg3 Qf1+ 72. Kh2 Qe2+ 73. Qg2 Qe3 74. Qg4 Qd2+ 75. Kg3 $1 Qe1+ {Whites escaped into a draw. Accuracy: White = 75%, Black = 65%.} (75... Kd6 $17) 1/2-1/2